Survival russian : a course in conversational russian = Говорите правильно! : курс русской разговорной речи /
Đã lưu trong:
| 主要作者: | |
|---|---|
| 格式: | 圖書 |
| 語言: | Russian English |
| 出版: |
Moscow :
Russky Yazyk,
2004.
|
| 版: | 5th ed., stereotype. |
| 主題: | |
| 標簽: |
添加標簽
沒有標簽, 成為第一個標記此記錄!
|
| Thư viện lưu trữ: | Mạng thư viện Đại học Đà Nẵng |
|---|
| LEADER | 01097cam a2200337 a 4500 | ||
|---|---|---|---|
| 001 | 000044010 | ||
| 003 | 2179 | ||
| 005 | 20060426101513.0 | ||
| 008 | 010217b2004 vm 000 rus | ||
| 020 | |a 5883370381 | ||
| 040 | |a LRC |c LRC |d LRC | ||
| 041 | 0 | |a rus |a eng | |
| 082 | 1 | 4 | |a 491.783 |b KA-N |
| 100 | 1 | |a Karavanova, N.B. |q (Караванова, Н.Б.). | |
| 245 | 1 | 0 | |a Survival russian : |b a course in conversational russian = Говорите правильно! : курс русской разговорной речи / |c N.B. Karavanova. |
| 246 | 3 | 1 | |a Говорите правильно! : |b курс русской разговорной речи. |
| 250 | |a 5th ed., stereotype. | ||
| 260 | |a Moscow : |b Russky Yazyk, |c 2004. | ||
| 300 | |a 304 с. ; |c 21,5 см. | ||
| 630 | 0 | 4 | |a Русский язык. |
| 650 | 0 | 4 | |a Русский язык. |
| OWN | |a DUT | ||
| 999 | |a From the UDN01 | ||
| TYP | |a Monograph | ||
| TYP | |a Printed language | ||
| 980 | |a Mạng thư viện Đại học Đà Nẵng | ||


